<?xml version="1.0" encoding="UTF-8"?>
<marc:record xmlns:marc="http://www.loc.gov/MARC21/slim">
   <marc:leader>00000nam a2200000 a 4500</marc:leader>
   <marc:datafield ind1="1" ind2=" " tag="100">
      <marc:subfield code="a">Eppensteiner, Thomas</marc:subfield>
      <marc:subfield code="4">aut</marc:subfield>
      <marc:subfield code="e">Verfasser/-in</marc:subfield>
   </marc:datafield>
   <marc:datafield ind1="0" ind2="0" tag="245">
      <marc:subfield code="a">Sünden</marc:subfield>
   </marc:datafield>
   <marc:datafield ind1="0" ind2="0" tag="245">
      <marc:subfield code="b">Chefinspektor Schirmer ermittelt ; ein Mödling-Krimi</marc:subfield>
   </marc:datafield>
   <marc:datafield ind1="0" ind2="0" tag="245">
      <marc:subfield code="c">Thomas Eppensteiner</marc:subfield>
   </marc:datafield>
   <marc:datafield ind1=" " ind2="1" tag="264">
      <marc:subfield code="a">Hall in Tirol</marc:subfield>
      <marc:subfield code="b">Berenkamp</marc:subfield>
      <marc:subfield code="c">2012</marc:subfield>
   </marc:datafield>
   <marc:datafield ind1="1" ind2=" " tag="520">
      <marc:subfield code="a">Angaben aus der Verlagsmeldung

Sünden : Chefinspektor Schirmer ermittelt. Ein Mödling-Krimi / von Thomas Eppensteiner

„Sünden“ – die Botschaft, die Chefinspektor Harald Schirmer, Leiter der Kriminalpolizei Mödling, auf den entsetzlich zugerichteten Leichen zweier Brüder findet, gibt zunächst viele Rätsel auf. Im ständigen Konflikt mit seiner Vorgesetzten und den polizeilichen Strukturen im Allgemeinen, lenkt er die Nachforschungen in eine Richtung, die in höheren Kreisen nicht gern gesehen wird, gerät doch eine der bekanntesten Persönlichkeiten der Stadt ins Visier der Ermittler. Gemeinsam mit seinen Assistenten, Abteilungsinspektor Hasler und Revierinspektorin Weninger, befördert Schirmer skandalöse Geschehnisse aus der Vergangenheit ans Tageslicht. Jemand begleicht alte Rechnungen, ein Wettlauf mit der Zeit beginnt …
</marc:subfield>
   </marc:datafield>
   <marc:datafield ind1=" " ind2=" " tag="020">
      <marc:subfield code="a">9783850932936</marc:subfield>
      <marc:subfield code="9">9783850932936</marc:subfield>
   </marc:datafield>
   <marc:datafield ind1=" " ind2=" " tag="041">
      <marc:subfield code="a">ger</marc:subfield>
   </marc:datafield>
   <marc:datafield ind1=" " ind2=" " tag="300">
      <marc:subfield code="a">206 S.</marc:subfield>
   </marc:datafield>
</marc:record>
